| 000 | 00344cam a22001097a 4500 | ||
|---|---|---|---|
| 008 | 180718b1953 xxu||||| |||| 00| 0 eng d | ||
| 082 | _aA800x42 | ||
| 245 |
_aGovernment statistical services _cby H.M. Treasury, United Kingdom |
||
| 260 |
_aLondon _bHer Majesty's Stationery Office _c1953 |
||
| 300 | _a27p. | ||
| 700 | _aUnited Kingdom. H.M. Treasury | ||
| 999 |
_c390187 _d390187 |
||